00731nam a2200217 a 4500001000900000005001700009008004100026020001500067041001300082050002200095100002500117245009900142260002800241300003900269440005000308500003200358504003200390600004500422700002700467700001900494BRCA_79420190320203143.0020508s1986----sp-a---###---#000-0#spa-# a8434582287 aspa/heng 4aPQ6337b.M35 19861 aMcKendrick, Melveena10aCervantescMelveena McKendrick ; prólogo Alonso Zamora Vicente ; traducción Elena de Grau. aBarcelonabSalvatc1986 a214 p.bil. blanco y negroc20 cm. 0aBiblioteca Salvat de Grandes Biografíasv83 aTraducción de : Cervantes aBibliografía : p. 213-21414aCervantes Saavedra, Miguel ded1547-16161 aZamora Vicente, Alonso1 aGrau, Elena de